|
|
|
|
| LEADER |
00000nam0a2200000 4500 |
| 001 |
108459 |
| 005 |
20231031115637.0 |
| 010 |
|
|
|a 5020139092
|
| 020 |
|
|
|a RU
|b 89-72473
|
| 035 |
|
|
|a (RuTPU)RU\TPU\book\117087
|
| 090 |
|
|
|a 108459
|
| 100 |
|
|
|a 20070120d1989 km y0rusy5003 ca
|
| 101 |
1 |
|
|a rus
|c eng
|
| 102 |
|
|
|a RU
|
| 105 |
|
|
|a a z 000zy
|
| 200 |
1 |
|
|a Дифференциальные формы в алгебраической топологии
|f Р. Ботт, Л. В. Ту
|g под ред. А. А. Кириллова
|
| 210 |
|
|
|a Москва
|c Наука
|d 1989
|
| 215 |
|
|
|a 336 с.
|c ил.
|
| 320 |
|
|
|a Библиогр.: с. 313-315.
|
| 320 |
|
|
|a Предм. указ.: с. 323-336.
|
| 610 |
1 |
|
|a формы дифференциальные
|
| 610 |
1 |
|
|a топология алгебраическая
|
| 610 |
1 |
|
|a дифференциальные формы
|
| 610 |
1 |
|
|a теория де Рама
|
| 610 |
1 |
|
|a спектральные последовательности
|
| 610 |
1 |
|
|a характеристические классы
|
| 675 |
|
|
|a 515.1
|z rus
|
| 700 |
|
1 |
|a Ботт
|b Р.
|g Рауль
|4 070
|
| 701 |
|
1 |
|a Ту
|b Лоринг В.
|4 070
|
| 702 |
|
1 |
|a Кириллов
|b А. А.
|4 340
|
| 801 |
|
0 |
|a RU
|b RuMRKP
|c 19950417
|g psbo
|
| 801 |
|
1 |
|a RU
|b 63413507
|c 20070120
|g PSBO
|
| 801 |
|
2 |
|a RU
|b 63413507
|c 20080917
|g PSBO
|
| 942 |
|
|
|c BK
|